| 000 | 01389nam1a2200313 4500 | ||
|---|---|---|---|
| 001 | RU\NLR\BIBL_A\022482174 | ||
| 005 | 20250807185654.0 | ||
| 010 | _915000 | ||
| 035 | _a(NLR Aleph) 022482174 | ||
| 090 |
_a88705 _c88705 |
||
| 100 | _a20250307d1941 u y0rusy50 ca | ||
| 101 | 0 | _aarm | |
| 102 | _aAM | ||
| 105 | _ay z 000 y | ||
| 181 | 0 |
_ai _baxxe |
|
| 182 | 0 | _an | |
| 200 | 1 |
_aՀանրահաշվական խնդիրների ժողովածու _eմիջնակարգ դպրոցի 8-րդ, 9-րդ, եվ 10-րդ դասարանների համար _fՆ.Ա.Շապոշնիկով, եվ Ն.Կ.Վալցով |
|
| 203 |
_aТекст _bвизуальный _cнепосредственный |
||
| 205 | _aՀինգերորդ հրատարակչություն | ||
| 210 |
_aԵրեվան _bՀայպետհրատ _d1941 |
||
| 215 | _d20 | ||
| 700 | 1 |
_aՇապոշնիկով _bՆ. Ա. _cматематик _f1851-1920 _gՆիկոլայ Ալեքսանդրովիչ _3RU\NLR\AUTH\770278713 _4070 |
|
| 701 | 1 |
_aՎալցով _bՆ.Կ. _4070 |
|
| 790 | 0 |
_aШапошников _bН. А. _cматематик _f1851-1920 _gНиколай Александрович _3RU\NLR\AUTH\770278604 |
|
| 852 |
_aNLR _bОНЛ _jАрм./2-7125 |
||
| 942 | _cBOOK | ||
| 945 |
_aРоссийская национальная библиотека _aНациональная библиотека Армении |
||
| 980 | _aBV | ||